[Event "DPEM 2017"]
[Site "Wiesbaden"]
[Date "2017.06.16"]
[Round "3.5"]
[White "Faas, Dominik"]
[Black "Lamby, Philipp"]
[Result "1/2-1/2"]
[WhiteElo "2048"]
[BlackElo "2209"]
[Annotator "NA"]
[PlyCount "107"]
[EventDate "2017.??.??"]
[EventType "k.o."]
[EventCountry "GER"]
[SourceTitle "playchess.com"]
[Source "ChessBase"]
[SourceQuality "1"]

1. e4 c5 2. Nf3 e6 3. d4 cxd4 4. Nxd4 Nc6 5. Nc3 Qc7 6. Be2 a6 7. O-O Nf6 8. Be3 Bb4 9. Nxc6 bxc6 10. Na4 O-O 11. Nb6 Rb8 12. Nxc8 Rfxc8 13. Bxa6 Rf8 14. Bd3 Bd6 15. g3 Be5 16. a4 Bxb2 17. Ra2 c5 18. Bb5 Bc3 19. Qd3 Ba5 20. c4 Ng4 21. Bd2 Ne5 22. Bxa5 Qxa5 23. Qd6 Qc3 24. Qxc5 Rfc8 25. Qa3 Qxa3 26. Rxa3 Nxc4 27. Rd3 Ne5 28. Rd6 Rc7 29. Rfd1 Rc2 30. Kg2 Kf8 31. R1d2 Rxd2 32. Rxd2 Ke7 33. f4 Nc6 34. Kf3 e5 35. Bxc6 dxc6 36. fxe5 Rb3+ 37. Kf4 Ra3 38. Rd4 c5 39. Rc4 g6 40. g4 h6 41. h4 Ke6 42. Rxc5 Rxa4 43. Rc6+ Ke7 44. h5 gxh5 45. gxh5 Ra1 46. Rxh6 Rf1+ 47. Ke3 Re1+ 48. Kf3 Rf1+ 49. Ke2 Rh1 50. e6 f6 51. Rh8 Kxe6 52. h6 Kf7 53. Kf3 Kg6 54. Kf4 1/2-1/2

[Event "DPEM 2017"]
[Site "Wiesbaden"]
[Date "2017.06.16"]
[Round "3.6"]
[White "Seyfried, Claus"]
[Black "Isakov, Michael G"]
[Result "1-0"]
[WhiteElo "2136"]
[BlackElo "2155"]
[Annotator "TA"]
[PlyCount "43"]
[EventDate "2017.??.??"]
[EventType "k.o."]
[EventCountry "GER"]
[SourceTitle "playchess.com"]
[Source "ChessBase"]
[SourceQuality "1"]

{[%evp 10,43,39,39,50,10,52,20,157,92,116,91,136,134,143,84,87,76,94,85,91,66,158,143,131,125,256,246,223,219,1871,1864,1670,1635,29995,29996]} 1. e4 e6 2. d4 d5 3. Nd2 c5 4. Ngf3 Nc6 5. exd5 Qxd5 6. Bc4 {LiveBook: 27 Games. C07: French Tarrasch: 3...c5, 4 Ngf3 and 4 exd5 Qxd5} Qh5 7. dxc5 Bxc5 8. Ne4 {White is slightly better.} (8. g4 $5 {[%cal Rg4h5]} Qg6 9. Bd3 $16) 8... Bb6 $146 {[#]} (8... Nf6 $11 9. Nxc5 Qxc5) ({Predecessor:} 8... Nf6 9. Nxc5 Qxc5 10. Qe2 O-O 11. O-O Bd7 12. Rd1 Rfd8 13. Bg5 Be8 14. Bxf6 gxf6 {0-1 (53) Canonne,A (2020)-Gabrielian,A (2532) Aix les Bains 2011}) 9. Nd6+ (9. g4 $142 $1 {[%cal Rg4h5]} Qg6 10. Nd6+ Kf8 11. c3) 9... Ke7 $16 10. Bf4 h6 11. Nb5 {Strongly threatening Qd6+.} Kf8 12. Qd6+ (12. Qe2 $142) 12... Nge7 13. O-O-O Kg8 14. Nc7 Bxc7 15. Qxc7 Qc5 (15... Nd5 $14 16. Bxd5 exd5) 16. Rd8+ Kh7 17. Bd3+ g6 (17... f5 $16 {was called for.} 18. Rxh8+ Kxh8) 18. Rxh8+ $18 ({Don't take} 18. Be3 $6 Qh5 $18) 18... Kxh8 19. Bxh6 $40 {[%mdl 128] White has strong attack.} Qxf2 $2 (19... e5 20. Be3 Qd5) 20. Qf4 {[#] White wants to mate with Qf6+.} f5 21. Qg5 {White threatens Qf6+ and mate.} Kh7 22. Qf6 {Precision: White = 83%, Black = 19%.} 1-0

[Event "DPEM 2017"]
[Site "Wiesbaden"]
[Date "2017.06.16"]
[Round "3.7"]
[White "Bente, Bjoern"]
[Black "Quast, Marcel"]
[Result "1-0"]
[WhiteElo "2289"]
[BlackElo "2241"]
[Annotator "TA"]
[PlyCount "47"]
[EventDate "2017.??.??"]
[EventType "k.o."]
[EventCountry "GER"]
[SourceTitle "playchess.com"]
[Source "ChessBase"]
[SourceQuality "1"]

{[%evp 12,47,11,12,21,-1,19,22,86,20,33,23,27,0,0,0,33,13,16,5,62,56,60,60,82,76,85,66,64,72,705,696,684,677,745,738,1437,1424]} 1. d4 Nf6 2. Nf3 e6 3. Bf4 b6 4. e3 Bb7 5. Bd3 d5 6. Nbd2 Be7 7. Ne5 {LiveBook: 8 Games} Nfd7 {D02: 1 d4 d5 2 Nf3 sidelines, including 2...Nf6 3 g3 and 2...Nf6 3 Bf4} (7... Nbd7 {seems wilder.} 8. Bb5 Qc8 9. O-O c6 10. Be2 O-O) (7... O-O 8. Qf3 Nc6 9. c3 Nxe5 10. Bxe5 Nd7 11. Qh3 g6 12. Bf4 a5 13. Nf3 Ba6 14. Bc2 c5 15. Qh6 Re8 {½-½ (43) Moreno Trujillo,A (2500)-Quesada Perez,Y (2626) Don Benito 2012}) 8. O-O Nxe5 9. Bxe5 Bf6 (9... O-O $11) 10. Bg3 $146 ({White should try} 10. Bxf6 $16 Qxf6 11. c4) ({Predecessor:} 10. f4 Ba6 11. Bxa6 Nxa6 12. c4 O-O 13. cxd5 Bxe5 14. fxe5 Qxd5 15. Qg4 {0-1 (30) Lucena,J-Borges,W Canela 1987}) 10... O-O 11. c3 c5 12. dxc5 bxc5 13. e4 d4 14. cxd4 (14. Qb3 {is more complex.} dxc3 15. Qxb7 cxd2 16. Qxa8 Qxd3 17. Rad1) 14... Bxd4 15. Nb3 Ba6 (15... Nc6 $11) 16. Nxd4 $14 Bxd3 17. Qxd3 cxd4 18. Rac1 Qb6 19. Bc7 Qxb2 20. Be5 $36 {[%mdl 2048] [#] Strongly threatening Rc7. White is on the roll.} Qb4 $2 {[%mdl 8192]} (20... Nd7 $16 21. Bxd4 Qb7) 21. Qg3 $18 {[%csl Ge5][%cal Rg3g7] White is clearly winning.} g6 22. Bd6 Qb5 {If only Black now had time for ...Rd8....} 23. Bxf8 Kxf8 24. Qd6+ {Precision: White = 47%, Black = 28%.} 1-0

[Event "DPEM 2017"]
[Site "Wiesbaden"]
[Date "2017.06.16"]
[Round "3.8"]
[White "Kreuzer, Helmut"]
[Black "Schlenker, Joerg"]
[Result "0-1"]
[WhiteElo "2104"]
[BlackElo "2165"]
[Annotator "TA"]
[PlyCount "60"]
[EventDate "2017.??.??"]
[EventType "k.o."]
[EventCountry "GER"]
[SourceTitle "playchess.com"]
[Source "ChessBase"]
[SourceQuality "1"]

{[%evp 25,60,49,81,18,68,49,56,16,17,32,20,27,28,-7,-6,-18,-7,-112,-111,-145,-138,-141,-90,-95,-86,-111,-67,-73,-74,-503,-511,-499,-487,-1189,-1171,-1844,-975]} 1. d4 {[%cal Bd2d4,Bd4d5][%mdl 32]} c5 2. d5 g6 3. c4 Bg7 4. e4 d6 5. f4 e6 6. Nc3 exd5 7. cxd5 a6 8. a4 Nf6 9. Nf3 O-O 10. Be2 Bg4 11. O-O Nbd7 12. h3 Bxf3 13. Bxf3 Qc7 {LiveBook: 3 Games. A68: Modern Benoni: Four Pawns Attack without 9...Re8} (13... Rb8 14. a5 Ne8 15. Qd3 Nc7 16. Bd2 b5 17. axb6 Nxb6 18. Be3 Nd7 19. Rf2 Re8 20. e5 dxe5 21. f5 c4 22. Qxc4 gxf5 {0-1 (39) Adly,A (2631)-Grischuk,A (2746) Ningbo 2011}) 14. Re1 (14. Be3 $16) 14... Ne8 15. g4 $146 ({Predecessor:} 15. Qc2 c4 16. Be3 Nc5 17. Rad1 Rb8 18. Ne2 Nd3 19. Rxd3 cxd3 20. Qxd3 Bxb2 21. e5 dxe5 {0-1 (35) Samartsev,A (2160)-Blechzin,I (2411) Opatija 2013}) 15... Rb8 {White is slightly better.} 16. a5 b5 17. axb6 Qxb6 18. Qe2 Nc7 19. Ra2 Nb5 20. Nxb5 {Black must now prevent Nc3.} c4+ {[%cal Bc5c4,Bc4b3][%mdl 32]} 21. Kh1 (21. Be3 $11 Qxb5 22. Rc1) 21... Qxb5 $17 22. Qc2 Nc5 {...Nd3 is the strong threat.} 23. Be2 {[#]} Qb3 (23... Qb4 $142 $1 {[%cal Rb4e1]} 24. Rd1 Qb3 25. Qxb3 cxb3) 24. Qxb3 cxb3 25. Ra3 Rfe8 26. e5 $1 dxe5 {[%cal Bd6e5,Be5f4,Bf4f3][%mdl 32]} 27. Be3 $2 {[%mdl 8192] [#]} (27. f5 $17 {is more resistant.}) 27... exf4 $1 $19 {Black is clearly winning.} 28. Bxc5 f3 29. Kg1 (29. Raa1 $142 fxe2 30. Ba3) 29... Bxb2 30. Rxa6 Bc3 {Precision: White = 11%, Black = 75%.} 0-1

[Event "DPEM 2017"]
[Site "Wiesbaden"]
[Date "2017.06.16"]
[Round "3.9"]
[White "Haasler, Andreas"]
[Black "Schulz, Gert"]
[Result "1-0"]
[WhiteElo "2220"]
[BlackElo "2000"]
[Annotator "NA"]
[PlyCount "55"]
[EventDate "2017.??.??"]
[EventType "k.o."]
[EventCountry "GER"]
[SourceTitle "playchess.com"]
[Source "ChessBase"]
[SourceQuality "1"]

1. d4 Nf6 2. Nc3 d5 3. Bf4 e6 4. e3 Bd6 5. Nf3 Bxf4 6. exf4 Qd6 7. Ne5 a6 8. Bd3 c5 9. dxc5 Qxc5 10. Qd2 Nbd7 11. O-O O-O 12. Rfe1 g6 13. a4 b6 14. Ne2 Bb7 15. c3 Ne4 16. Bxe4 Nxe5 17. fxe5 dxe4 18. Qf4 b5 19. Ng3 b4 20. Re3 Rad8 21. Nh5 f5 22. Nf6+ Kg7 23. Rh3 Rh8 24. cxb4 Qxb4 25. Qh6+ Kf7 26. Nxh7 Qxa4 27. Ng5+ Ke7 28. Qg7+ 1-0

[Event "DPEM 2017"]
[Site "Wiesbaden"]
[Date "2017.06.16"]
[Round "3.10"]
[White "Jandke, Manfred"]
[Black "Ignatiev, Felix N"]
[Result "0-1"]
[WhiteElo "2132"]
[BlackElo "2307"]
[Annotator "TA"]
[PlyCount "82"]
[EventDate "2017.??.??"]
[EventType "k.o."]
[EventCountry "GER"]
[SourceTitle "playchess.com"]
[Source "ChessBase"]
[SourceQuality "1"]

{[%evp 21,82,0,-4,-13,0,-12,2,-3,2,-17,4,-5,33,12,29,37,41,34,56,32,58,56,47,35,35,41,58,29,22,25,27,0,0,-18,-20,-20,18,-194,-190,-298,-35,-237,-69,-66,-66,-74,-15,-16,-17,-122,-122,-172,-175,-170,-126,-292,-201,-343,-360,-3240,-2330,-6303,-6199]} 1. c4 e5 2. Nc3 Nf6 3. g3 d5 4. cxd5 Nxd5 5. Bg2 Nb6 6. Nf3 Nc6 7. O-O Be7 8. d3 O-O 9. a3 Be6 10. b4 a6 11. Rb1 f5 12. Be3 {A29: English Opening: Four Knights Variation with 4 g3} (12. Bb2 Qd7 13. Nd2 Rab8 14. Nb3 f4 15. Ne4 Bd5 16. Na5 Qe6 17. Rc1 Kh8 18. Nxc6 Bxc6 19. Qc2 Nd7 {½-½ (58) Koegler,K (2557)-Vayser,V (2556) ICCF email 2008}) 12... Nd5 13. Nxd5 Bxd5 14. Qd2 {The position is equal.} Kh8 $146 ({Predecessor:} 14... Bd6 15. b5 axb5 16. Rxb5 Ne7 17. Ng5 Bxg2 18. Kxg2 Qe8 19. Qa2+ Kh8 {1-0 (53) Satici,A (2198)-Bensiek,N (2358) ICCF email 2008}) 15. Rfc1 Qd7 16. a4 Bf6 (16... f4 $5 17. Bc5 Bd6 $11) 17. Rc5 {Strongly threatening Nxe5!} Ne7 18. Bg5 Qd6 19. Rbc1 c6 20. Bxf6 (20. e4 $5 Bg8 21. Qc3 $14) 20... Qxf6 21. Qb2 $1 Ng6 22. Nd2 Bxg2 23. Kxg2 f4 24. Ne4 f3+ 25. Kh1 (25. Kg1 $5 {[%cal Re4f6]} Qf5 26. b5 $14) 25... Qf5 26. Qc2 Rad8 27. Kg1 Qg4 {White must now prevent ...Nh4.} 28. exf3 $1 Qxf3 29. Ng5 $2 (29. Re1 $11) 29... Qg4 $1 $36 {[%cal Rg4g5][%mdl 2048] Black is in control.} 30. Qd2 {[#]} (30. Ne4 {was called for.}) 30... Nf4 $2 (30... h6 $1 $19 31. Ne4 {[#]} Qxe4 $1 {[%mdl 512]} 32. Qxh6+ gxh6 33. dxe4 Rd2) 31. R1c4 $2 (31. Rxe5 $15 Nxd3 32. Nf7+ Kg8 33. Re3 Rxf7 34. Rxd3 Rxd3 35. Qxd3) 31... Qxg5 $2 {[#]} (31... h6 $19 32. Kf1 hxg5 33. gxf4 exf4) 32. Rxf4 $1 $15 {[%mdl 512]} Rxf4 {[#]} (32... exf4 33. Rxg5) 33. Qxf4 $1 {[%mdl 512]} Qxf4 ({Black should play} 33... exf4 $17 34. Rxg5 Kg8) 34. gxf4 $11 exf4 $19 {[%mdl 4096] Endgame KR-KR} 35. Rf5 (35. Re5 $11) 35... Kg8 $17 36. b5 axb5 37. axb5 Rxd3 38. Kg2 $2 (38. bxc6 $17 {was worth a try.} f3 39. h4) 38... g6 39. Rc5 (39. Rxf4 $142 cxb5 40. Rf6) 39... Rd5 $19 40. Rxd5 $2 (40. Rc4 Rxb5 41. Rxf4) 40... cxd5 {[%cal Bc6d5,Bd5d4][%mdl 32]} 41. h4 d4 {Precision: White = 14%, Black = 43%.} 0-1

[Event "DPEM 2017"]
[Site "Wiesbaden"]
[Date "2017.06.16"]
[Round "3.11"]
[White "Woll, Wilfried"]
[Black "Meyer, Falko"]
[Result "1/2-1/2"]
[WhiteElo "2080"]
[BlackElo "2223"]
[Annotator "TA"]
[PlyCount "68"]
[EventDate "2017.??.??"]
[EventType "k.o."]
[EventCountry "GER"]
[SourceTitle "playchess.com"]
[Source "ChessBase"]
[SourceQuality "1"]

{[%evp 17,68,23,42,41,36,2,20,16,39,29,58,11,46,32,35,3,18,13,15,15,17,16,13,20,17,0,4,0,0,0,38,-11,45,5,35,3,18,-7,5,4,104,0,36,30,25,0,0,0,10,0,0,0,14]} 1. c4 e6 2. g3 d5 3. Bg2 Nf6 4. Nf3 c5 5. O-O Be7 6. cxd5 Nxd5 7. d4 O-O 8. e4 Nb6 9. dxc5 Bxc5 10. Qc2 {E06: Closed Catalan: Early deviations} Qe7 11. a3 Nc6 12. b4 (12. e5 Nd4 13. Nxd4 Bxd4 14. Qe4 Rd8 15. Nc3 Qc5 16. Bf4 Bxc3 17. Rac1 Nd5 18. Bg5 Re8 19. bxc3 b5 20. a4 h6 21. Bd2 bxa4 22. c4 Nc7 23. Qc6 Qe7 24. Ba5 {1-0 (24) Stupak,K (2515)-Zhuck,S (2341) Minsk 2012}) 12... Bd4 13. Nc3 a6 14. Bb2 $146 ({Predecessor:} 14. Nxd4 Nxd4 15. Qa2 e5 16. Be3 a5 17. b5 Rd8 18. f4 Be6 {1-0 (45) Miroshnichenko,P (2281)-Soyunlu,N (2095) Baku 2016}) 14... Rd8 15. Rad1 Bf6 16. Rfe1 Rxd1 17. Nxd1 {Threatening e5.} Bxb2 18. Nxb2 e5 19. Qc5 Qxc5 20. bxc5 Nd7 21. Na4 Rb8 22. Rb1 Kf8 23. Nd2 Nd4 24. Bf1 Ke7 (24... Nf6 $11) 25. Bc4 f6 26. f4 Kd8 27. Bd5 Kc7 28. Kf2 g5 (28... f5 $11) 29. f5 ({Better is} 29. fxg5 $16 {Hoping for h4.} fxg5 30. Nc4) 29... b5 $14 30. cxb6+ $1 Nxb6 31. Rc1+ Kd8 {The position is equal.} 32. Rb1 Kc7 33. Rc1+ Kd8 34. Rb1 Kc7 {Precision: White = 44%, Black = 42%.} 1/2-1/2

[Event "DPEM 2017"]
[Site "Wiesbaden"]
[Date "2017.06.16"]
[Round "3.12"]
[White "Schiffner, Kevin"]
[Black "Hundack, Rolf"]
[Result "1/2-1/2"]
[WhiteElo "2019"]
[BlackElo "2091"]
[Annotator "NA RC"]
[PlyCount "75"]
[EventDate "2017.??.??"]
[EventType "k.o."]
[EventCountry "GER"]
[SourceTitle "playchess.com"]
[Source "ChessBase"]
[SourceQuality "1"]

1. d4 Nf6 2. c4 e5 3. dxe5 Ng4 4. Bf4 Nc6 5. Nf3 Bb4+ 6. Nc3 Qe7 7. Qd5 Bxc3+ 8. bxc3 f6 9. exf6 Nxf6 10. Qd3 d6 11. e3 O-O 12. Be2 Bg4 13. O-O Kh8 14. Bg5 Rae8 15. Qc2 Qf7 16. Bxf6 Qxf6 17. Nd4 Bd7 18. Bf3 Ne5 19. Qe2 c6 20. Rab1 b6 21. Be4 c5 22. Nb5 Be6 23. Bd5 Bf5 24. Rbd1 Qg6 25. f4 Bg4 26. Qe1 Bxd1 27. fxe5 Qd3 28. Qxd1 Qxe3+ 29. Kh1 Qxe5 30. h3 Rxf1+ 31. Qxf1 Qg3 32. Be4 Qe5 33. Bd5 Qe7 34. Qf7 Qe1+ 35. Kh2 Qe5+ 36. Kh1 Qe1+ 37. Kh2 Qe5+ 38. Kh1 1/2-1/2

[Event "DPEM 2017"]
[Site "Wiesbaden"]
[Date "2017.06.16"]
[Round "3.13"]
[White "Bendfeldt, Tim"]
[Black "Graetsch, Andreas"]
[Result "0-1"]
[WhiteElo "2076"]
[BlackElo "1836"]
[Annotator "NA"]
[PlyCount "106"]
[EventDate "2017.??.??"]
[EventType "k.o."]
[EventCountry "GER"]
[SourceTitle "playchess.com"]
[Source "ChessBase"]
[SourceQuality "1"]

1. d4 Nf6 2. Bf4 d5 3. e3 Bf5 4. c4 e6 5. Nc3 Bd6 6. Be5 c6 7. Nf3 Qc7 8. Bd3 Bxd3 9. Qxd3 Nbd7 10. Bxd6 Qxd6 11. O-O dxc4 12. Qxc4 O-O 13. h3 Rac8 14. Rad1 h6 15. e4 Nb6 16. Qb3 Qe7 17. Rfe1 Rfd8 18. a4 Qc7 19. Rc1 Nbd7 20. Qa3 Nf8 21. b4 Ng6 22. Qb2 Nf4 23. Rcd1 a5 24. bxa5 Qxa5 25. Qd2 b5 26. Qxf4 Qxc3 27. Rc1 Qb4 28. axb5 cxb5 29. Rb1 Qa5 30. Qe5 Rb8 31. Re3 Qa2 32. Rxb5 Rxb5 33. Qxb5 Qa8 34. e5 Nd5 35. Rb3 Nf4 36. Qb7 Qa1+ 37. Rb1 Qc3 38. Qb6 Rc8 39. Qb7 Rc7 40. Qe4 Nd5 41. Kh2 g6 42. Qh4 Kg7 43. Qe4 Qc4 44. h4 Nc3 45. Qc2 Nxb1 46. Qxb1 Qc1 47. Qe4 Ra7 48. d5 exd5 49. Qxd5 Qf4+ 50. g3 Qc1 51. e6 Ra1 52. Kh3 Qh1+ 53. Kg4 Ra4+ 0-1

[Event "DPEM 2017"]
[Site "Wiesbaden"]
[Date "2017.06.16"]
[Round "3.14"]
[White "Hachtmann, Christian"]
[Black "Boehmler, Thomas"]
[Result "1-0"]
[WhiteElo "2068"]
[BlackElo "1866"]
[Annotator "NA RC"]
[PlyCount "89"]
[EventDate "2017.??.??"]
[EventType "k.o."]
[EventCountry "GER"]
[SourceTitle "playchess.com"]
[Source "ChessBase"]
[SourceQuality "1"]

1. e4 c5 2. d4 cxd4 3. c3 d5 4. exd5 Qxd5 5. cxd4 e5 6. Nf3 exd4 7. Qxd4 Qxd4 8. Nxd4 Bc5 9. Nb5 Na6 10. Bc4 Nf6 11. O-O O-O 12. N1c3 Bf5 13. Bg5 Ne4 14. Nxe4 Bxe4 15. Rae1 Rfe8 16. a3 Bc6 17. b4 Bxb5 18. Bxb5 Rxe1 19. Rxe1 Nc7 20. Bc4 Bf8 21. Rd1 Re8 22. Kf1 Ne6 23. Be3 a6 24. Rd7 b5 25. Bxe6 Rxe6 26. Rd8 f5 27. Bc5 Rf6 28. Ke2 g6 29. Kd3 Rf7 30. Kd4 Kg7 31. Bxf8+ Rxf8 32. Rxf8 Kxf8 33. Kc5 Ke7 34. Kb6 Kd6 35. Kxa6 Kc6 36. f4 h6 37. h4 h5 38. g3 Kd5 39. Kxb5 Ke4 40. a4 Kf3 41. a5 Kxg3 42. a6 Kxf4 43. a7 Kg3 44. a8=Q Kxh4 45. Qh1+ 1-0

[Event "DPEM 2017"]
[Site "Wiesbaden"]
[Date "2017.06.16"]
[Round "4.1"]
[White "Carow, Johannes"]
[Black "Natsidis, Christoph"]
[Result "1-0"]
[WhiteElo "2435"]
[BlackElo "2312"]
[Annotator "ChessBase"]
[PlyCount "81"]
[EventDate "2017.??.??"]
[EventType "k.o."]
[EventCountry "GER"]
[SourceTitle "playchess.com"]
[Source "ChessBase"]
[SourceQuality "1"]

1. d4 Nf6 2. c4 e6 3. Nc3 Bb4 4. Qc2 b6 5. e4 c5 6. d5 Qe7 7. Be2 exd5 8. exd5 Qe4 9. Qd2 Qxg2 10. Bf3 Qg6 11. Nge2 d6 12. Rg1 Qf5 13. Qe3+ Kd8 14. Rxg7 Nbd7 15. Rg5 Qc2 16. Qf4 Re8 17. Kf1 Ba6 18. Kg2 Kc7 19. Bd2 Rg8 20. Rg3 Rae8 21. Rc1 Rxg3+ 22. hxg3 Qg6 23. a3 Bxc3 24. Nxc3 Ne5 25. Be2 Nh5 26. Qe4 f5 27. Qh4 Nf6 28. Rh1 Re7 29. Bg5 Ned7 30. Bd3 Rf7 31. Ne2 Ne4 32. Be3 Ne5 33. Nf4 Qg8 34. Bxe4 fxe4 35. Ne6+ Kb8 36. b3 Bb7 37. Bf4 Nd3 38. Bxd6+ Kc8 39. Nf4 Qe8 40. Qg4+ Rd7 41. Rxh7 1-0

[Event "DPEM 2017"]
[Site "Wiesbaden"]
[Date "2017.06.16"]
[Round "4.2"]
[White "Schwing, Hans-Elmar"]
[Black "Poetsch, Hagen"]
[Result "1/2-1/2"]
[WhiteElo "2335"]
[BlackElo "2486"]
[Annotator "ChessBase"]
[PlyCount "95"]
[EventDate "2017.??.??"]
[EventType "k.o."]
[EventCountry "GER"]
[SourceTitle "playchess.com"]
[Source "ChessBase"]
[SourceQuality "1"]

1. d4 Nf6 2. c4 e6 3. Nf3 d5 4. Nc3 dxc4 5. e4 Bb4 6. Bg5 h6 7. Bxf6 Qxf6 8. Bxc4 c5 9. e5 Qd8 10. O-O cxd4 11. Ne4 O-O 12. a3 Be7 13. Rc1 Bd7 14. Qxd4 Bc6 15. Qe3 Nd7 16. Rfd1 Qb6 17. Qe2 Rfd8 18. Bd3 a5 19. Rb1 a4 20. Ned2 Nc5 21. Bc2 Bb5 22. Qe3 Bd3 23. Rdc1 Rd5 24. Bxd3 Rxd3 25. Qe2 Rad8 26. Rc2 Nb3 27. Nxb3 Qxb3 28. Rbc1 b6 29. Rc8 Bc5 30. Rxd8+ Rxd8 31. Kf1 Rd3 32. Rc2 Qd5 33. Rd2 Rxd2 34. Nxd2 g5 35. Nf3 g4 36. Ne1 Qd4 37. Nd3 Be7 38. h3 gxh3 39. gxh3 Kf8 40. Qf3 Bg5 41. Ke2 Qc4 42. Kf1 Kg7 43. Kg2 Kg6 44. Kg3 Qh4+ 45. Kg2 Qd4 46. Kg3 Qh4+ 47. Kg2 Qd4 48. Kg3 1/2-1/2

[Event "DPEM 2017"]
[Site "Wiesbaden"]
[Date "2017.06.16"]
[Round "4.3"]
[White "Ignatiev, Felix N"]
[Black "Reddmann, Hauke"]
[Result "1-0"]
[WhiteElo "2307"]
[BlackElo "2216"]
[Annotator "TA"]
[PlyCount "29"]
[EventDate "2017.??.??"]
[EventType "k.o."]
[EventCountry "GER"]
[SourceTitle "playchess.com"]
[Source "ChessBase"]
[SourceQuality "1"]

{[%evp 13,29,10,29,27,34,40,49,40,36,40,102,60,102,100,121,116,111,110]} 1. d4 Nf6 2. Nd2 d5 3. Ngf3 e6 4. e3 c5 5. c3 Nc6 6. Bd3 Bd6 7. O-O e5 {[#] LiveBook: 8 Games. And now ...e4 would win.} 8. dxe5 {D05: Colle System with ...e6} Nxe5 9. Nxe5 Bxe5 10. e4 {White is slightly better.} (10. Bb5+ Bd7 11. Bxd7+ Qxd7 12. Nf3 Bc7 13. c4 dxc4 14. Qc2 b5 15. a4 Qd3 16. Qxd3 cxd3 17. axb5 {1-0 (90) Ushenina,A (2494)-Kosteniuk,A (2541) Beijing 2014}) 10... dxe4 11. Nxe4 {Strongly threatening Bg5.} Nxe4 (11... O-O $14) 12. Bxe4 {Hoping for Qh5.} Qxd1 13. Rxd1 {White is better.} O-O 14. Be3 c4 $146 ({Predecessor:} 14... Be6 15. Bxc5 Rfb8 {1-0 (24) Pogosian,S-Tsebekov,H (2215) Krasnodar 1997}) 15. Rd2 1-0

[Event "DPEM 2017"]
[Site "Wiesbaden"]
[Date "2017.06.16"]
[Round "4.4"]
[White "Telljohan, Sven"]
[Black "Haasler, Andreas"]
[Result "1-0"]
[WhiteElo "2404"]
[BlackElo "2220"]
[Annotator "TA"]
[PlyCount "75"]
[EventDate "2017.??.??"]
[EventType "k.o."]
[EventCountry "GER"]
[SourceTitle "playchess.com"]
[Source "ChessBase"]
[SourceQuality "1"]

{[%evp 21,75,8,6,8,10,5,5,8,17,0,55,56,47,56,46,45,44,39,105,114,247,243,239,0,185,184,1008,968,968,217,756,203,212,211,209,208,243,237,276,257,356,285,286,266,391,388,626,622,618,625,626,621,608,607,584,-29992]} 1. Nf3 d5 2. c4 e6 3. b3 Nf6 4. g3 Be7 5. Bg2 O-O 6. O-O b6 7. Bb2 Bb7 8. d3 c5 9. e3 Nc6 10. Qe2 dxc4 11. bxc4 Qc7 12. Ne1 {A14: English Opening: 1...e6 with b3 by White} Na5 13. Nc3 a6 14. a4 $146 {The position is equal.} ({Predecessor:} 14. f4 Bxg2 15. Nxg2 Qd7 16. a4 Ne8 17. g4 Rd8 18. f5 Qxd3 19. Qf3 Qxc4 20. Ne4 f6 21. Nf4 Nc7 22. Rfc1 Qb3 23. Bc3 Nc4 24. Rcb1 Qc2 25. Rc1 Qb3 26. Rcb1 Qc2 27. Rc1 {½-½ (27) Schmitt,A (2301)-Arizmendi Martinez,J (2547) Cappelle-la-Grande 2014}) 14... Rab8 15. g4 h6 ({Better is} 15... Ne8 $11) 16. f4 Ne8 17. Bxb7 Rxb7 18. Rf3 {[%cal Bf1f3,Bf3h3,Bh3h6][%mdl 32]} Nd6 {[#]} 19. g5 $1 {[%mdl 512] Hoping for gxh6.} hxg5 {[#]} ({Black should try} 19... g6 $14) 20. Rh3 $1 $16 {aiming for Qh5.} f5 (20... f6 $16) 21. Qh5 $18 {[%mdl 1024] White has strong compensation.} g4 22. Qh7+ Kf7 23. Rh6 $1 Ne8 $2 (23... Ke8 24. Rxe6 Qd7 25. Qg6+ Kd8) 24. Qg6+ Kg8 25. Qxe6+ Rf7 26. Nd5 $2 (26. Qg6 {Threatening mate with Qh7+.} Nf6 27. Nd5) 26... Qd6 {[#]} 27. Rh8+ $1 Kxh8 28. Qxf7 Nf6 29. Qg6 Qe6 30. Ng2 $40 {[%cal Be1g2,Bg2h4,Bh4f5][%mdl 160] White goes for the king.} Nc6 31. Nh4 Bd8 32. Nxf5 Nb4 (32... Qf7 {was called for.} 33. Qxf7 Rxf7 34. Bxf6 gxf6) 33. e4 ({Resist} 33. Nxg7 Rxg7 34. Bxf6 Bxf6 $18) 33... Nxd3 $2 (33... Qe8 34. Qg5 Nh5 35. Qxg4 (35. Qh6+ Kg8 $16) 35... Rd7) 34. Rd1 {White is clearly winning.} Qxe4 35. Bxf6 Bxf6 36. Nxf6 gxf6 37. Qxf6+ Kg8 {intending ...Rd7.} 38. Qf8+ $4 {[%mdl 40960] Precision: White = 68%, Black = 28%. . Loss on Time!?} (38. Qg5+ $18 Kh7 39. Qh4+ Kg6 40. Qg5+ Kh7 41. Qh4+ Kg6 42. Qxg4+ Kh7 43. Qh3+ Kg6 44. Qg4+ (44. Qxd3 Qxd3 45. Nh4+ Kh5 $16) (44. Rxd3 Qe1+ 45. Kg2 Qe2+ 46. Kg1 Qe1+ 47. Kg2 Qe2+ 48. Kh1 Qe1+ 49. Kg2 $11) 44... Kh7 45. Qh3+ Kg6 46. Qg4+ (46. Qxd3 Qxd3 47. Nh4+ Kh5 $14) (46. Rxd3 Qe1+ 47. Kg2 Qe2+ 48. Kh1 Qe1+ 49. Kg2 Qe2+ 50. Kh1 Qe1+ 51. Kg2 $11)) 1-0